000 00817nam0a22002291 4500
001 v19\rc\1249095
005 20250617234548.0
035 _a(NLR Aleph) 004405596
090 _a3935769
_c3935769
100 _a20060306d1879 |||y0rusy50 ca
101 0 _arus
102 _aRU
105 _ay z |||||
200 1 _aОбъяснительный текст к Технологическому музею для школ
_f[Соч.] Л. Гестермана в Гамбурге
_iМир растений
210 _aСанкт-Петербург
_cтип. Дома призрения малолетних бедных
_dценз. 1879
215 _a25 с.
701 1 _aГестерман
_bЛ.
801 0 _aRU
_bNLR
_gpsbo
801 1 _aRU
_bProSoft-M
_2rusmarc
852 _aNLR
_j18.136.1.250
942 _cBOOK
980 _aNB